MARC details
| 000 -LEADER |
| fixed length control field |
01892cas a2200493 4500 |
| 001 - CONTROL NUMBER |
| control field |
11155375 |
| 003 - CONTROL NUMBER IDENTIFIER |
| control field |
BDDh-ASL |
| 005 - DATE AND TIME OF LATEST TRANSACTION |
| control field |
20231015031355.0 |
| 008 - FIXED-LENGTH DATA ELEMENTS--GENERAL INFORMATION |
| fixed length control field |
751101d19592000pk fr p 0 a0eng |
| 010 ## - LIBRARY OF CONGRESS CONTROL NUMBER |
| LC control number |
sa 63004448 |
| 022 ## - INTERNATIONAL STANDARD SERIAL NUMBER |
| International Standard Serial Number |
0552-914X |
| ISSN-L |
0552-914X |
| Source |
0 |
| 035 ## - SYSTEM CONTROL NUMBER |
| System control number |
(OCoLC)ocm01772134 |
| 040 ## - CATALOGING SOURCE |
| Original cataloging agency |
DLC |
| Language of cataloging |
eng |
| Transcribing agency |
BDDh-ASL |
| Modifying agency |
YUS |
| -- |
BTI |
| -- |
AIP |
| -- |
NSD |
| -- |
NST |
| -- |
CRL |
| -- |
DLC |
| -- |
OCLCQ |
| -- |
ZCU |
| -- |
OCLCQ |
| -- |
CRL |
| -- |
DLC |
| -- |
OCLCF |
| -- |
OCLCO |
| -- |
OCLCQ |
| 041 0# - LANGUAGE CODE |
| Language code of text/sound track or separate title |
eng |
| 042 ## - AUTHENTICATION CODE |
| Authentication code |
nsdp |
| -- |
pcc |
| -- |
premarc |
| 050 00 - LIBRARY OF CONGRESS CALL NUMBER |
| Classification number |
B1 |
| Item number |
.P3 |
| 082 ## - DEWEY DECIMAL CLASSIFICATION NUMBER |
| Classification number |
954.7 |
| Item number |
PAK |
| 210 0# - ABBREVIATED TITLE |
| Abbreviated title |
Pak. philos. j. |
| 222 #4 - KEY TITLE |
| Key title |
The Pakistan philosophical journal |
| 245 04 - TITLE STATEMENT |
| Title |
The Pakistan philosophical Congress, Sixth Session, Lahore, March 7-10, 1959/ |
| 260 ## - PUBLICATION, DISTRIBUTION, ETC. |
| Place of publication, distribution, etc. |
Lahore, |
| Name of publisher, distributor, etc. |
Pakistan Philosophical Congress, |
| Date of publication, distribution, etc. |
1957-2000. |
| 300 ## - PHYSICAL DESCRIPTION |
| Extent |
volumes |
| Dimensions |
25 cm |
| 310 ## - CURRENT PUBLICATION FREQUENCY |
| Current publication frequency |
Semiannual, |
| Date of current publication frequency |
1971- |
| 321 ## - FORMER PUBLICATION FREQUENCY |
| Former publication frequency |
Quarterly, |
| Dates of former publication frequency |
1957-1967 |
| 336 ## - CONTENT TYPE |
| Content type term |
text |
| Content type code |
txt |
| Source |
rdacontent |
| 337 ## - MEDIA TYPE |
| Media type term |
unmediated |
| Media type code |
n |
| Source |
rdamedia |
| 338 ## - CARRIER TYPE |
| Carrier type term |
volume |
| Carrier type code |
nc |
| Source |
rdacarrier |
| 362 0# - DATES OF PUBLICATION AND/OR SEQUENTIAL DESIGNATION |
| Dates of publication and/or sequential designation |
v. 1- July 1957-2000. |
| 515 ## - NUMBERING PECULIARITIES NOTE |
| Numbering peculiarities note |
Publication suspended July 1967-Apr. 1971. |
| 515 ## - NUMBERING PECULIARITIES NOTE |
| Numbering peculiarities note |
Errors in numbering: v. 9, no. 1 (July 1965) called v. 10, no. 1; issues for Apr. 1967 and July 1971 both called v. 10, no. 1. |
| 546 ## - LANGUAGE NOTE |
| Language note |
English or Urdu. |
| 550 ## - ISSUING BODY NOTE |
| Issuing body note |
Organ of: Pakistan Philosophical Congress. |
| 588 ## - SOURCE OF DESCRIPTION NOTE |
| Source of description note |
Latest issue consulted: V. 37, no. 38 (2000). |
| 590 ## - LOCAL NOTE (RLIN) |
| Local note |
SERBIB/SERLOC merged record |
| 650 #0 - SUBJECT ADDED ENTRY--TOPICAL TERM |
| Topical term or geographic name entry element |
Philosophy |
| Form subdivision |
Periodicals. |
| 650 #7 - SUBJECT ADDED ENTRY--TOPICAL TERM |
| Topical term or geographic name entry element |
Philosophy. |
| Source of heading or term |
fast |
| Authority record control number or standard number |
(OCoLC)fst01060777 |
| 655 #7 - INDEX TERM--GENRE/FORM |
| Genre/form data or focus term |
Periodicals. |
| Source of term |
fast |
| Authority record control number or standard number |
(OCoLC)fst01411641 |
| 710 2# - ADDED ENTRY--CORPORATE NAME |
| Corporate name or jurisdiction name as entry element |
Pakistan Philosophical Congress. |
| 776 08 - ADDITIONAL PHYSICAL FORM ENTRY |
| Relationship information |
Online version: |
| Title |
Pakistan philosophical journal |
| Record control number |
(OCoLC)607032288 |
| 776 08 - ADDITIONAL PHYSICAL FORM ENTRY |
| Relationship information |
Online version: |
| Title |
Pakistan philosophical journal |
| Record control number |
(OCoLC)607753238 |
| 906 ## - LOCAL DATA ELEMENT F, LDF (RLIN) |
| a |
7 |
| b |
cbc |
| c |
serials |
| d |
u |
| e |
ncip |
| f |
19 |
| g |
n-oclcserc |
| 942 ## - ADDED ENTRY ELEMENTS (KOHA) |
| Source of classification or shelving scheme |
Dewey Decimal Classification |
| Koha item type |
Books |